|
|
|
|
| LEADER |
00000nab a2200000 a 4500 |
| 001 |
vtls000197136 |
| 003 |
SK-MaSNL |
| 005 |
20260302205202.0 |
| 008 |
160215c1984 xo 0 slo |
| 015 |
|
|
|a SNBRA19rr/mm-uuuuu
|
| 035 |
|
|
|a CL0207249
|
| 040 |
|
|
|a SNKBUCL
|b slo
|c SNKBUCL
|e AACR2
|
| 041 |
0 |
|
|a slo
|
| 044 |
|
|
|a xo
|c SK
|
| 080 |
|
|
|a 82:930.25
|2 1981
|
| 080 |
|
|
|a 930.25
|2 1981
|
| 080 |
|
|
|a 885.4
|2 1981
|
| 080 |
|
|
|a 929
|2 1981
|
| 100 |
1 |
|
|a Maťovčík, Augustín,
|d 1937-
|4 aut
|9 98490
|
| 245 |
1 |
0 |
|a Listy Sidónie Sakalovej Štefanovi Krčmérymu
|c Augustín Maťovčík
|
| 600 |
1 |
7 |
|a Sakalová, Sidónia,
|d 1876-1948
|2 snkbucl
|9 183056
|
| 655 |
|
7 |
|a články zo zborníkov
|2 snkbucl
|9 166140
|
| 655 |
|
7 |
|a články z odboru literárna veda a krásna literatúra
|2 snkbucl
|9 770045
|
| 773 |
0 |
|
|t Literárny archív 20/83
|d Martin : Matica slovenská, 1984
|
| 850 |
|
|
|a Slovenská národná knižnica v Martine
|a MTA001
|
| 852 |
|
|
|a SNK
|b KIS3GCP
|
| 958 |
|
|
|a BX
|
| 958 |
|
|
|a RK
|
| 958 |
|
|
|a LX
|
| 992 |
|
|
|a RZB
|
| 999 |
|
|
|c 1476713
|d 1478643
|